[Event "36th Olympiad"]
[Site "Calvia ESP"]
[Date "2004.10.17"]
[Round "3"]
[White "Mahjoob,M"]
[Black "Shabalov,A"]
[Result "0-1"]
[WhiteElo "2455"]
[BlackElo "2608"]

1.e4 c5 2.c3 Nf6 3.e5 Nd5 4.Nf3 Nc6 5.d4 cxd4 6.cxd4 d6 7.Bc4 e6 8.O-O Be7
9.a3 O-O 10.Qe2 Qb6 11.Rd1 Bd7 12.Bxd5 exd5 13.Nc3 Be6 14.Bg5 Bxg5 15.Nxg5 dxe5
16.dxe5 h6 17.Nf3 d4 18.Ne4 Bg4 19.Nd6 Rad8 20.Nc4 Qb5 21.Rac1 Rfe8 22.Qd3 Bxf3
23.Qxf3 Nxe5 24.Nxe5 Rxe5 25.Rc7 Rd7 26.Rxd7 Qxd7 27.Qd3 a5 28.Kf1 Rd5 29.Rc1 g6
30.h3 Kg7 31.Rc4 a4 32.Rb4 b5 33.b3 Qc6 34.bxa4 Qc1+ 35.Ke2 Re5+ 36.Kf3 Qc6+
37.Kg3 Rg5+ 38.Kh4 Qxg2 39.Qxd4+ Kh7  0-1

[Event "36th Olympiad"]
[Site "Calvia ESP"]
[Date "2004.10.17"]
[Round "3"]
[White "Sveshnikov,E"]
[Black "Quezada,Y"]
[Result "1/2-1/2"]
[WhiteElo "2512"]
[BlackElo "2513"]

1.e4 c5 2.c3 Nf6 3.e5 Nd5 4.Nf3 e6 5.Bc4 d6 6.d4 cxd4 7.cxd4 Nb6 8.Bd3 dxe5
9.dxe5 Na6 10.O-O Nc5 11.Bc2 Qxd1 12.Rxd1 Bd7 13.Nc3 Rc8 14.Nd4 Be7 15.f4 Nca4
16.Ne4 Nd5 17.Bb3 Nab6 18.a4 O-O 19.g3  1/2-1/2

[Event "Essent Open"]
[Site "Hoogeveen NED"]
[Date "2004.10.18"]
[Round "4"]
[White "Jonkman,H"]
[Black "Lahaye,R"]
[Result "1/2-1/2"]
[WhiteElo "2417"]
[BlackElo "2330"]

1.e4 c5 2.c3 Nf6 3.e5 Nd5 4.Nf3 Nc6 5.Bc4 Nb6 6.Bb3 c4 7.Bc2 Qc7 8.Qe2 g5
9.h3 Bg7 10.O-O Nxe5 11.Nxg5 d5 12.f4 h6 13.Nf3 Nd3 14.Bxd3 cxd3 15.Qxd3 Qxf4
16.Nd4 Qe4 17.Qf3 O-O 18.Na3 Qg6 19.Nf5 Bxf5 20.Qxf5 Qxf5 21.Rxf5 e6 22.Rf3 e5
23.d3 f5 24.Be3 Na4 25.Rb1 f4 26.Bd2 Nc5 27.Rbf1 Ne6 28.Re1 a6 29.Nc2 Rad8
30.Bc1 Kh7 31.Re2 Bh8 32.Rf1 Rf7 33.Ne1 Rg8 34.Nf3 Rf5 35.c4 d4 36.h4 Nc5
37.Rd1 Bf6 38.b3 Rg3 39.Ba3 Nd7 40.Bd6 Rh5 41.Rdd2 Kg6 42.b4 Kf5 43.a4 Bxh4
44.b5 Ke6 45.Ba3 axb5 46.Nxd4+ Kf6 47.Nxb5 f3 48.Rf2 Bg5 49.Nd6 Rh4 50.Rde2 Ke6
51.Rxf3 Rxf3 52.gxf3 Rd4 53.Nxb7 Rxd3 54.Nc5+ Nxc5 55.Bxc5 Rc3 56.Ra2 Rxc4
57.Bf2 e4 58.fxe4 Rxe4 59.a5 Kd7 60.a6 Re8 61.a7 Ra8 62.Rb2 Bf4 63.Rb5 Kc6
64.Rb6+ Kd7 65.Rf6 Bg5 66.Rf7+ Kc6 67.Kg2 Bd8 68.Kf3 h5 69.Rf8 Kb7 70.Ke4 h4
71.Rf7+ Kc6 72.Rh7 Rc8 73.Rh8 Kb7 74.Kd5 h3 75.Rxh3 Bc7 76.Rh7 Ka8 77.Bc5 Bg3
78.Rf7 Bh2 79.Bd4 Bg3 80.Rd7 Bh2 81.Bc5 Bg3 82.Rg7 Bf4 83.Rg4 Bh2 84.Kc4 Be5
85.Kb5 Bh2 86.Rh4 Bg3 87.Rh7 Bf4 88.Kb6 Bg3 89.Rg7 Bc7+ 90.Kb5 Bh2  1/2-1/2

[Event "36th Olympiad"]
[Site "Calvia ESP"]
[Date "2004.10.19"]
[Round "5"]
[White "Ker,A"]
[Black "Haznedaroglu,K"]
[Result "1/2-1/2"]
[WhiteElo "2328"]
[BlackElo "2394"]

1.e4 c5 2.c3 Nf6 3.e5 Nd5 4.d4 cxd4 5.Bc4 Qc7 6.Qe2 Nb6 7.Bd3 Nc6 8.Nf3 Nb4
9.O-O Nxd3 10.Qxd3 d5 11.Bf4 Bg4 12.Nxd4 e6 13.Nd2 Bh5 14.Bg3 Bg6 15.Qe2 Be7
16.f4 O-O 17.f5 exf5 18.Nxf5 Bc5+ 19.Kh1 Qd7 20.Nb3 Bxf5 21.Nxc5 Qc8 22.Qf2 Bg6
23.Rad1 Qc6 24.Nb3 Qa4 25.Nc5 Qc6 26.Nb3 Na4 27.Nd4 Qb6 28.Rd2 Nc5 29.Nf5 Bxf5
30.Qxf5 Ne4 31.Rxd5 Nxg3+ 32.hxg3 Qxb2 33.e6 fxe6 34.Qxe6+ Kh8 35.Rxf8+ Rxf8
36.Qe7 Rg8 37.Rd8 Qc1+ 38.Kh2 Qh6+ 39.Kg1 Qb6+ 40.Rd4 Qc6 41.Rd7 Qxc3 42.Rxb7 Qc1+
43.Kh2 Qh6+ 44.Qh4 Qa6 45.Qe7 Qxa2  1/2-1/2

[Event "36th Olympiad"]
[Site "Calvia ESP"]
[Date "2004.10.19"]
[Round "5"]
[White "Hafiz,S"]
[Black "Saeheng,B"]
[Result "1/2-1/2"]
[WhiteElo "2075"]
[BlackElo "2242"]

1.e4 c5 2.c3 Nf6 3.e5 Nd5 4.d4 cxd4 5.Nf3 Nc6 6.Bc4 e6 7.cxd4 Nb6 8.Bd3 Nb4
9.Be2 d6 10.a3 Nc6 11.O-O dxe5 12.dxe5 Qxd1 13.Rxd1 Nd7 14.Bb5 Ne7 15.Nc3 a6
16.Ba4 Ng6 17.b4 b5 18.Nxb5 axb5 19.Bxb5 Bxb4 20.Be3 Rxa3 21.Rab1 Rxe3 22.fxe3 Bc5
23.Rd3 Ke7 24.Rc1 Ndxe5 25.Nxe5 Nxe5 26.Rdc3 Bb6 27.Rxc8 Rxc8 28.Rxc8 Bxe3+
29.Kf1 h5 30.Ke2 Bg1 31.h3 h4 32.Rc7+ Kf6 33.Be8 g5 34.Rb7 Bc5 35.Rc7 Be7
36.Bb5 Bd6 37.Rb7 Kf5 38.Be8 f6 39.Rb6 Bc5 40.Ra6 Bd4 41.Ba4 Kf4 42.Rxe6 Kg3
43.Rxe5 Bxe5 44.Kf1 f5 45.Bd7 Kf4 46.Kf2 Bd4+ 47.Kf1 Bb6 48.Bc8 g4 49.hxg4 fxg4
50.Bd7  1/2-1/2

[Event "36th Olympiad"]
[Site "Calvia ESP"]
[Date "2004.10.19"]
[Round "5"]
[White "Pavasovic,D"]
[Black "Fedorov,Alex"]
[Result "1-0"]
[WhiteElo "2581"]
[BlackElo "2619"]

1.e4 c5 2.c3 Nf6 3.e5 Nd5 4.Nf3 Nc6 5.Bc4 Nb6 6.Bb3 c4 7.Bc2 Qc7 8.Qe2 g5
9.h3 Bg7 10.O-O Nxe5 11.Nxg5 d5 12.a4 Bd7 13.Re1 e6 14.a5 Nc8 15.d4 cxd3
16.Bxd3 h6 17.Nf3 Nxd3 18.Qxd3 Ne7 19.a6 b6 20.Na3 O-O 21.Nb5 Bxb5 22.Qxb5 e5
23.Qb4 e4 24.Nd4 Rad8 25.Be3 Qd7 26.Rad1 Ng6 27.Ne2 Rfe8 28.Rd2 Qf5 29.Red1 Nh4
30.Ng3 Qe6 31.Qb5 Be5 32.Rxd5 Rxd5 33.Qxd5 Bxg3 34.fxg3 Nf5 35.Qxe6 Rxe6
36.Kf2 b5 37.Rd5 Nxe3 38.Kxe3 b4 39.c4 Rxa6 40.Rb5 Ra1 41.Kxe4 a5 42.c5  1-0

[Event "XI Bela Papp Mem"]
[Site "Torokbalint HUN"]
[Date "2004.10.19"]
[Round "4"]
[White "Werner,Di"]
[Black "Seres,L"]
[Result "1/2-1/2"]
[WhiteElo "2301"]
[BlackElo "2443"]

1.e4 c5 2.c3 Nf6 3.e5 Nd5 4.Nf3 Nc6 5.Bc4 Nb6 6.Bb3 d5 7.exd6 Qxd6 8.Na3 a6
9.O-O Bf5 10.d4 cxd4 11.Nxd4 Nxd4 12.cxd4 e6 13.Qf3 Qd7 14.d5 Nxd5 15.Nc4 Bc5
16.Ne5  1/2-1/2

[Event "36th Olympiad"]
[Site "Calvia ESP"]
[Date "2004.10.20"]
[Round "6"]
[White "Schartz,A"]
[Black "Halay,T"]
[Result "0-1"]
[WhiteElo "2123"]
[BlackElo "2264"]

1.e4 c5 2.c3 Nf6 3.e5 Nd5 4.d4 cxd4 5.Nf3 e6 6.cxd4 Nc6 7.Nc3 Nxc3 8.bxc3 d6
9.exd6 Bxd6 10.Bd3 Qc7 11.O-O Ne7 12.c4 b6 13.Be4 Bb7 14.Bxb7 Qxb7 15.a4 O-O
16.Qd3 Ng6 17.Ng5 Qc7 18.h4 Rfc8 19.h5 Nf8 20.h6 gxh6 21.Ne4 Be7 22.Bxh6 Qxc4
23.Qg3+ Ng6 24.Rfd1 Qd5 25.Bg5 Qxe4 26.Bxe7 Qf4 27.Qxf4 Nxf4 28.Ra3 f5 29.Bf6 Kf7
30.Be5 Ne2+ 31.Kf1 Nc3 32.Rc1 Ne4 33.Rxc8 Rxc8 34.Ra1 Rc2 35.f3 Nd2+ 36.Kg1 Nc4
37.Bb8 a6 38.Bf4 Ke7 39.Kh2 Kd7 40.Kg3 Kc6 41.Rh1 Kd5 42.Rxh7 Kxd4 43.Rd7+ Kc5
44.Ra7 a5 45.Re7 Re2 46.Rb7 e5 47.Bg5 f4+ 48.Kh3 Rf2 49.Bf6 Ra2 50.Re7 Kd5
51.Rd7+ Ke6 52.Rc7 Rxa4 53.Bd8 b5 54.g3 Ra3 55.Kg2 a4 56.gxf4 exf4 57.Rb7 Rb3
58.Bg5 a3 59.Ra7 Kf5 60.Bh6 Ne3+ 61.Kf2 Rb2+ 62.Ke1 a2 63.Bg7 Rg2 64.Bh8 b4
65.Ra5+ Ke6  0-1

[Event "36th Olympiad"]
[Site "Calvia ESP"]
[Date "2004.10.22"]
[Round "7"]
[White "Gluckman,J"]
[Black "Ziyaev,N"]
[Result "1/2-1/2"]
[WhiteElo "2194"]
[BlackElo "2295"]

1.e4 c5 2.c3 Nf6 3.e5 Nd5 4.d4 cxd4 5.cxd4 d6 6.exd6 Qxd6 7.Nc3 Nc6 8.Nf3 Bg4
9.Be2 e6 10.O-O Be7 11.a3 O-O 12.Qd3 Nf4 13.Bxf4 Qxf4 14.d5 Rad8 15.Rfd1 Bf6
16.g3 Qb8 17.Qe4 Bf5 18.Qc4 exd5 19.Rxd5 Be6 20.Rxd8 Rxd8 21.Qa4 Nd4 22.Nxd4 Rxd4
23.Qc2 g6 24.Rd1 Qc7 25.Rxd4 Bxd4 26.Qd2 Qb6 27.Bf3 Be5 28.Kg2 Qb3 29.h4 h5
30.Qe3 Bg7 31.Qxa7 Qxb2 32.Ne4 Bd4 33.Qb8+ Kg7 34.Qd6 Bf5 35.Qf4 b6 36.Nd2 Bc5
37.a4 Bd4 38.Be4 Be6 39.Nf1 Bf6 40.Bf3 Qd4 41.Qxd4 Bxd4 42.Bc6 Kf6 43.Nd2 Ke7
44.Ne4 Kd8 45.Ng5 Bb3 46.f3 f6 47.Ne4 Kc7 48.Bb5 Be6 49.Nf2 Kd6 50.Nd3 g5
51.Be8 Bb3 52.Nf2 Ke7 53.Bc6 Be6 54.hxg5 fxg5 55.Ne4 Be3 56.Bb5 h4 57.gxh4 gxh4
58.Nf2 Kd6 59.Ng4 Bf4 60.Nf2  1/2-1/2

[Event "36th Olympiad"]
[Site "Calvia ESP"]
[Date "2004.10.22"]
[Round "7"]
[White "Hafiz,S"]
[Black "Chahrani,I"]
[Result "1/2-1/2"]
[WhiteElo "2075"]
[BlackElo "2273"]

1.e4 c5 2.c3 Nf6 3.e5 Nd5 4.d4 e6 5.c4 Nb6 6.d5 d6 7.exd6 Bxd6 8.Nf3 O-O
9.Be2 exd5 10.cxd5 Na6 11.Nc3 Nc7 12.b3 Be7 13.O-O Ncxd5 14.Bb2 Bf6 15.Rc1 Be6
16.Qd2 Qe7 17.Ne4 Bxb2 18.Qxb2 Rac8 19.Rfe1 Nf4 20.Bf1 Nbd5 21.Neg5 h6 22.Nxe6 Nxe6
23.Bc4 Nb6 24.Bxe6 fxe6 25.Ne5 Qf6 26.Re2 Rfd8 27.Rce1 Rd6 28.h3 Nd5 29.Qd2 Rcd8
30.Qa5 Nf4 31.Re3 Rd2 32.Rf3 Qg5 33.Rg3 Qf5 34.Qxc5 Ne2+ 35.Rxe2 Rxe2 36.Qe7 Re1+
37.Kh2 Qxe5 38.Qxd8+ Kh7 39.Qd3+ Qe4 40.Qd7 Qe5 41.Qd3+ Qe4 42.Qd7 Qe5 43.Qd3+  1/2-1/2

[Event "36th Olympiad"]
[Site "Calvia ESP"]
[Date "2004.10.23"]
[Round "8"]
[White "Pitlagano,T"]
[Black "Matthews,S"]
[Result "0-1"]
[WhiteElo "2128"]
[BlackElo "2251"]

1.e4 c5 2.c3 Nf6 3.e5 Nd5 4.d4 cxd4 5.Nf3 Nc6 6.cxd4 d6 7.Bc4 e6 8.O-O dxe5
9.dxe5 Be7 10.Qe2 Nb6 11.Rd1 Qc7 12.Bb3 Bd7 13.Nc3 a6 14.Bf4 Na5 15.Bc2 Qc4
16.Qxc4 Naxc4 17.b3 Na5 18.Ne4 Nd5 19.Bd2 Nc6 20.a3 Rc8 21.Bd3 O-O 22.Bc4 Rfd8
23.Bg5 Bxg5 24.Nexg5 Nce7 25.Ne4 Bc6 26.Rac1 Ne3 27.Rxd8+ Rxd8 28.Nd6 Nxc4
29.bxc4 Ng6 30.c5 Bxf3 31.gxf3 Nxe5 32.Nxb7 Rc8 33.Rc3 Kf8 34.Nd6 Rc6 35.Ne4 Ke7
36.Kg2 Nd7 37.f4 f5 38.Nd2 Rxc5 39.Rb3 Kd6 40.Nf3 Rc7 41.Kg3 Nc5 42.Rb2 Ne4+
43.Kg2 h6 44.Ne5 g5 45.Rb6+ Kd5 46.Rxa6 gxf4 47.Nd3 f3+ 48.Kxf3 Rc3 49.Ke2 Rxd3
50.Ra5+ Kd4 51.Ra4+ Kc3 52.f3 Nc5 53.Rh4 e5 54.Rxh6 Rd2+ 55.Ke1 Nd3+ 56.Kf1 Rf2+
57.Kg1 Rxf3 58.Rd6 e4 59.h4 e3 60.Kg2 Rf2+ 61.Kg1 Ne5 62.Rc6+ Nxc6  0-1

[Event "36th Olympiad"]
[Site "Calvia ESP"]
[Date "2004.10.23"]
[Round "8"]
[White "Smerdon,D"]
[Black "Atakisi,U"]
[Result "1-0"]
[WhiteElo "2425"]
[BlackElo "2304"]

1.e4 c5 2.c3 Nf6 3.e5 Nd5 4.d4 cxd4 5.Nf3 Nc6 6.Bc4 Nb6 7.Bb3 d5 8.exd6 Qxd6
9.O-O Be6 10.Bxe6 Qxe6 11.Nxd4 Nxd4 12.Qxd4 Rd8 13.Qh4 Qc4 14.Qg3 h5 15.Na3 h4
16.Qg5 Qc6 17.Be3 Rd5 18.Qg4 h3 19.Rfd1 e6 20.gxh3 Bxa3 21.bxa3 g6 22.Bg5 Rh5
23.h4 Qc5 24.Rxd5 Nxd5 25.Re1 Qc6 26.c4 Ne7 27.Qf4 Qd7 28.Rb1 Nc6 29.Qf3 Qc7
30.Rd1 Kf8 31.Qg3 Qxg3+ 32.hxg3 Ke8 33.g4 Rh7 34.Bf6 g5 35.hxg5 Rh3 36.Kg2 Rxa3
37.Rh1 e5 38.Rh8+ Kd7 39.Rf8 Ke6 40.Re8+ Kd7 41.Rf8 Ke6 42.Bh8 Ne7 43.Re8 Kd7
44.Rb8 Ng6 45.Rxb7+ Ke6 46.Bf6 Rxa2 47.c5 Rc2 48.Rc7 a5 49.Rc6+ Kd7 50.Rd6+ Kc7
51.Bd8+ Kc8 52.Bb6 Nf4+ 53.Kg3 Rc3+ 54.f3 Rc2 55.g6 Rg2+ 56.Kh4 Nxg6+ 57.Kg5 Rh2
58.c6 Rh8 59.c7  1-0

[Event "36th Olympiad"]
[Site "Calvia ESP"]
[Date "2004.10.24"]
[Round "9"]
[White "Pavasovic,D"]
[Black "Xu Jun"]
[Result "1/2-1/2"]
[WhiteElo "2581"]
[BlackElo "2589"]

1.e4 c5 2.c3 Nf6 3.e5 Nd5 4.Nf3 Nc6 5.Bc4 Nb6 6.Bb3 d5 7.exd6 Qxd6 8.Na3 a6
9.O-O e6 10.d4 cxd4 11.Nxd4 Nxd4 12.cxd4 Be7 13.Qf3 O-O 14.Rd1 Qc6 15.Qxc6 bxc6
16.Bd2 a5 17.Rac1 Bd7 18.Nc4 Nxc4 19.Rxc4 Rfb8 20.Bc3 Bb4 21.Bxb4 axb4 22.f3 Kf8
23.Kf2 Ke7 24.Rdc1 Kd6 25.Rc5 h6 26.h4 Rb5 27.Ke3 Raa5 28.R5c4 g5 29.Rh1 e5
30.hxg5 hxg5 31.Rd1 Be6 32.dxe5+ Kc7 33.Re4 Bxb3 34.axb3 Rxe5 35.g4 Rxe4+
36.Kxe4 f6 37.f4 gxf4 38.Rd4 Re5+ 39.Kxf4 c5 40.Re4  1/2-1/2

[Event "36th Olympiad w"]
[Site "Calvia ESP"]
[Date "2004.10.25"]
[Round "10"]
[White "Borda,C"]
[Black "Nguyen Thi Thanh An"]
[Result "0-1"]
[WhiteElo "2088"]
[BlackElo "2345"]

1.e4 c5 2.c3 Nf6 3.d3 d6 4.f4 Nc6 5.Nf3 g6 6.g3 Bg7 7.Bg2 Qc7 8.Qc2 O-O 9.O-O Rb8
10.h3 b5 11.Be3 b4 12.d4 bxc3 13.bxc3 d5 14.e5 Ne4 15.g4 Na5 16.Nbd2 cxd4
17.Bxd4 Ng3 18.Rfe1 f5 19.g5 Ba6 20.Nf1 Nxf1 21.Bxf1 Bxf1 22.Rxf1 Nc4 23.Qd3 Rb2
24.Rf2 Rfb8 25.Nd2 e6 26.Nb3 Rxf2 27.Kxf2 a5 28.Re1 Bf8 29.Re2 a4 30.Nd2 Nb2
31.Qa6 Qc8 32.Qxc8 Rxc8 33.Ke3 Kf7 34.h4 a3 35.Nb3 Be7 36.Rh2 Nc4+ 37.Kd3 h6
38.gxh6 Rh8 39.h5 Rxh6 40.hxg6+ Rxg6 41.Rh7+ Kf8 42.Rh2 Rg3+ 43.Ke2 Kg7 44.Nd2 Nb2
45.Kf2 Rg4 46.Ke3 Bh4 47.Nf3 Bg3 48.Re2 Bxf4+ 49.Kf2 Nc4 50.Ne1 Bg3+ 51.Kf1 Bxe1
52.Kxe1 Kg6 53.Kf1 f4 54.Rf2 Kf5 55.Ke2 Nxe5 56.Ba7 Nc4 57.Kd1 e5 58.Kc2 e4
59.Bd4 e3 60.Rh2 Ke4 61.Rh7 Rg2+ 62.Kc1 Rxa2  0-1

[Event "36th Olympiad"]
[Site "Calvia ESP"]
[Date "2004.10.25"]
[Round "10"]
[White "Collins,S IRL"]
[Black "Mirza,Sh"]
[Result "1/2-1/2"]
[WhiteElo "2387"]
[BlackElo "2279"]

1.e4 c5 2.c3 Nf6 3.e5 Nd5 4.d4 cxd4 5.Nf3 e6 6.cxd4 d6 7.Bc4 Nb6 8.Bb3 dxe5
9.Nxe5 Nc6 10.Nxc6 bxc6 11.O-O c5 12.Be3 c4 13.Bxc4 Nxc4 14.Qa4+ Bd7 15.Qxc4 Rb8
16.Nc3 Rxb2 17.Rab1 Rxb1 18.Rxb1 Qc8 19.Qxc8+ Bxc8 20.d5 exd5 21.Nxd5 Bd6
22.Bxa7 Be6 23.Rd1 O-O 24.a4 Ra8 25.Nc3 Bb4 26.Nb5 Bc4 27.Rd4 Bxb5 28.Rxb4 Be8
29.Bd4 f6 30.Bb2 Bxa4 31.f3 Bc6 32.Kf2 Rd8 33.Kg3 Rd2 34.Rb6 Bd7 35.h4 Kf7
36.h5 h6 37.Rb7 Ke6 38.Ba3 Rd3 39.Bf8 Kf7 40.Bb4 Rd4 41.Kf2 Rd5 42.Ke3 Kg8
43.Rb8+ Kh7 44.Rd8 Bc6 45.Rxd5 Bxd5 46.g4 Kg8 47.Kf4 Kf7 48.Kg3 Bb3 49.f4 Bd1
50.Kh4 Be2 51.Bc3 Bd1 52.Bb2 Be2 53.Bc3 Bd1 54.Bb2 Bc2 55.Bc3 Bb1 56.Bb2 Bd3
57.Bc3 Bc2 58.Bb2 Be4 59.Bc3 Bf3 60.Bb2 Bd1 61.Bc3 Ba4 62.Bb2 Kg8 63.Bc3 Kf7
64.Bb2 Bd1 65.Bc3 Be2 66.Bb2 Bd1 67.Bc3  1/2-1/2

[Event "36th Olympiad w"]
[Site "Calvia ESP"]
[Date "2004.10.25"]
[Round "10"]
[White "Zhukova,N"]
[Black "Cmilyte,V"]
[Result "1/2-1/2"]
[WhiteElo "2481"]
[BlackElo "2442"]

1.e4 c5 2.c3 Nf6 3.e5 Nd5 4.Nf3 Nc6 5.Bc4 Nb6 6.Bb3 c4 7.Bc2 d5 8.exd6 Qxd6
9.O-O g6 10.b3 Bg7 11.Na3 cxb3 12.axb3 Nd5 13.Nc4 Qc7 14.Ne3 Nf4 15.d4 O-O
16.b4 b5 17.g3 Nh3+ 18.Kg2 Rd8 19.Qe2 Rb8 20.Bb3 e5 21.Nd5 Qb7 22.dxe5 Re8
23.Qa2 Bg4 24.Nd4 Rxe5 25.Qa6 Nxd4 26.cxd4 Ng5 27.Bxg5 Rxg5 28.Qxb7 Rxb7
29.h4 Rh5 30.Nf4 Bxd4 31.Ra6 Re5 32.Nxg6 Re2 33.Nf4 Rb2 34.Bd5 Rb6 35.Rxa7 Rf6
36.Ra8+ Kg7 37.Ra2 Rxa2 38.Bxa2 Ra6 39.Bb3 Ra3 40.Bd1 Bd7 41.Bf3 Ra2 42.Ne2 Ba7
43.Rb1 Be6 44.g4 Bc4 45.Kf1 h6 46.Ke1 Ra3 47.Be4 Kf6 48.Rb2 Rh3 49.Nf4 Rxh4
50.Bf3 Ke5 51.Ne2 Rh2 52.Ng1 Bd4 53.Rc2 f5 54.Bb7 fxg4 55.f4+ Kxf4 56.Rxh2 Bxg1
57.Rxh6 g3 58.Kd2 Be3+ 59.Kc3 Bf2 60.Rh4+ Kf5  1/2-1/2

[Event "36th Olympiad"]
[Site "Calvia ESP"]
[Date "2004.10.25"]
[Round "10"]
[White "Kristjansson,St"]
[Black "Nijboer,F"]
[Result "1-0"]
[WhiteElo "2444"]
[BlackElo "2567"]

1.e4 c5 2.c3 Nf6 3.e5 Nd5 4.Nf3 Nc6 5.Bc4 Nb6 6.Bb3 c4 7.Bc2 Qc7 8.Qe2 g5
9.h3 Bg7 10.O-O Nxe5 11.Nxg5 d5 12.Re1 h6 13.Nf3 Nxf3+ 14.Qxf3 e5 15.Qg3 Bf6
16.d4 cxd3 17.Bxd3 Be6 18.Na3 a6 19.Be3 O-O-O 20.c4 Nxc4 21.Rac1 Kb8 22.b3 Qa5
23.Nxc4 dxc4 24.Bxc4 Bxc4 25.bxc4 Ka8 26.Qf3 Rd6 27.Rb1 Qc7 28.c5 Rc6 29.Rb6 Bg5
30.Rxc6 bxc6 31.Rd1 Bxe3 32.Qxe3 Rd8 33.Rxd8+ Qxd8 34.Qxh6 Qd1+ 35.Kh2 Ka7
36.Qe3 Qh5 37.Qd3 Qg5 38.Qd7+  1-0

[Event "36th Olympiad w"]
[Site "Calvia ESP"]
[Date "2004.10.26"]
[Round "11"]
[White "Peptan,C"]
[Black "Susterman,A"]
[Result "1-0"]
[WhiteElo "2429"]
[BlackElo "2299"]

1.e4 c5 2.c3 Nf6 3.e5 Nd5 4.d4 cxd4 5.Qxd4 e6 6.Nf3 Nc6 7.Qe4 d6 8.exd6 Bxd6
9.Bd3 Nf6 10.Qe2 O-O 11.O-O Qc7 12.Re1 Bd7 13.Nbd2 Rfe8 14.Nc4 Bf4 15.Bxf4 Qxf4
16.Rad1 Nd5 17.Nce5 Nxe5 18.Nxe5 Ba4 19.Bxh7+ Kxh7 20.Rd4 Qg5 21.Rxa4 f6
22.Nf7 Qg6 23.Nd6 Re7 24.Rg4 Qh6 25.g3 Kg8 26.Rd4 Qg5 27.f4 Nxf4 28.Rxf4 Qc5+
29.Rd4 e5 30.Qc4+ Qxc4 31.Rxc4 Rd7 32.Nf5 g6 33.Nh4 Rd2 34.Rb4 g5 35.Nf3 Rd3
36.Kf2 b6 37.h4  1-0

[Event "36th Olympiad w"]
[Site "Calvia ESP"]
[Date "2004.10.26"]
[Round "11"]
[White "Mouradian,S"]
[Black "Bakalarz,G"]
[Result "1/2-1/2"]
[WhiteElo "2007"]
[BlackElo "2035"]

1.e4 c5 2.c3 Nf6 3.e5 Nd5 4.d4 cxd4 5.cxd4 e6 6.Nf3 Nc6 7.Nc3 Nxc3 8.bxc3 d5
9.Be2 Be7 10.Bd2 O-O 11.O-O f6 12.exf6 Bxf6 13.Rb1 Qc7 14.Re1 Bd7 15.h3 Rae8
16.Bd3 Bc8 17.Qc2 g6 18.Bh6 Bg7 19.Bxg7 Kxg7 20.Re3 e5 21.dxe5 Nxe5 22.Nxe5 Rxe5
23.Rbe1 Rfe8 24.Rxe5 Rxe5 25.Rxe5 Qxe5 26.Qe2 Qxc3 27.Qe7+ Kg8 28.Qe8+ Kg7
29.Qe7+ Kg8  1/2-1/2

[Event "36th Olympiad"]
[Site "Calvia ESP"]
[Date "2004.10.26"]
[Round "11"]
[White "Kumar,M"]
[Black "Hamperl,F"]
[Result "0-1"]
[WhiteElo "2036"]
[BlackElo "1961"]

1.e4 c5 2.c3 Nf6 3.e5 Nd5 4.d4 cxd4 5.Nf3 e6 6.cxd4 d6 7.Bd3 Nb4 8.Be2 dxe5
9.Nxe5 Qxd4 10.Qa4+ N8c6 11.a3 Qxe5 12.axb4 Bxb4+ 13.Nc3 Bd7 14.Be3 Bxc3+
15.bxc3 Qxc3+ 16.Kf1 O-O 17.Rc1 Qa5 18.Qe4 Qf5 19.Qh4 Rfc8 20.Rd1 Ne5 21.Rg1 Ng6
22.Qb4 Bc6 23.Bd3 Qf6 24.Be2 Rd8 25.Rc1 a5 26.Qa3 Qe5 27.g3 Bb5 28.Bxb5 Qxb5+
29.Kg2 Rd3 30.Rc5 Qd7 31.Qc1 b6 32.Rc3 Rxc3 33.Qxc3 Qd5+ 34.Kh3 b5 35.Rc1 h5
36.Bd4 e5 37.Be3 h4 38.Qc5 Qxc5 39.Rxc5 hxg3 40.Rxb5 gxf2 41.Bxf2 a4 42.Rb2 Nf4+
43.Kg4 Nd3 44.Ra2 Nxf2+ 45.Rxf2 a3 46.Ra2 f6 47.Kf5 Ra4  0-1

[Event "19th Open"]
[Site "Le Touquet FRA"]
[Date "2004.10.26"]
[Round "2"]
[White "Weemaes,R"]
[Black "Soyez,C"]
[Result "1/2-1/2"]
[WhiteElo "2300"]
[BlackElo "2178"]

1.e4 c5 2.c3 Nf6 3.e5 Nd5 4.d4 cxd4 5.Nf3 d6 6.cxd4 dxe5 7.Nxe5 Nc6 8.Bc4 e6
9.O-O Bd6 10.Nc3 Nxc3 11.bxc3 Nxe5 12.dxe5 Bxe5 13.Bb5+ Bd7 14.Qe2 Bxc3 15.Rd1 Bxa1
16.Rxd7 Qxd7 17.Bxd7+ Kxd7 18.Ba3 Bf6 19.Qd3+  1/2-1/2

[Event "36th Olympiad"]
[Site "Calvia ESP"]
[Date "2004.10.27"]
[Round "12"]
[White "Kristjansson,St"]
[Black "Lupulescu,C"]
[Result "0-1"]
[WhiteElo "2444"]
[BlackElo "2560"]

1.e4 c5 2.c3 Nf6 3.e5 Nd5 4.Nf3 e6 5.Bc4 d6 6.O-O Nc6 7.d4 cxd4 8.cxd4 Be7
9.Qe2 O-O 10.Nc3 Nxc3 11.bxc3 dxe5 12.dxe5 Qa5 13.Qe4 Qa4 14.Bg5 h6 15.Bxe7 Nxe7
16.Rab1 Qc6 17.Qd3 Qc7 18.Rfd1 b6 19.Qd6 Qxc4 20.Qxe7 Ba6 21.Rb4 Qxa2 22.Rg4 Qc2
23.Re1 Bd3 24.h3 Bf5 25.Nd4 Qd2 26.Rxg7+ Kxg7 27.Re3 Kh7 28.Rg3 Qe1+ 29.Kh2 Qxe5
30.f4 Qh8 31.Nf3 Rae8 32.Qxa7 Qf6 33.Ne5 Rg8  0-1

[Event "36th Olympiad w"]
[Site "Calvia ESP"]
[Date "2004.10.27"]
[Round "12"]
[White "Leite,C"]
[Black "Cinar Corlulu,N"]
[Result "1-0"]
[WhiteElo "2236"]
[BlackElo "2053"]

1.e4 c5 2.c3 Nf6 3.e5 Nd5 4.d4 cxd4 5.Nf3 e6 6.cxd4 d6 7.Nc3 Nxc3 8.bxc3 Qc7
9.Bd2 Be7 10.exd6 Bxd6 11.Bd3 Nd7 12.O-O Nf6 13.Re1 O-O 14.Ne5 Bd7 15.Qf3 Rac8
16.Qh3 Be7 17.Bf4 Qd8 18.Re3 Be8 19.Rg3 g6 20.Qh6 Rxc3 21.Bg5 Qxd4 22.Bxf6 Bxf6
23.Rh3  1-0

[Event "36th Olympiad w"]
[Site "Calvia ESP"]
[Date "2004.10.27"]
[Round "12"]
[White "Paridar,S"]
[Black "Cmilyte,V"]
[Result "0-1"]
[WhiteElo "2242"]
[BlackElo "2442"]

1.e4 c5 2.c3 Nf6 3.e5 Nd5 4.d4 cxd4 5.Nf3 Nc6 6.cxd4 d6 7.Bc4 Nb6 8.Bb5 dxe5
9.Nxe5 Bd7 10.Nxd7 Qxd7 11.O-O e6 12.Nc3 Be7 13.Qg4 O-O 14.Rd1 f5 15.Qe2 Rad8
16.Bf4 Nd5 17.Nxd5 exd5 18.Rac1 Rc8 19.Be5 f4 20.Rc3 Bd6 21.Rh3 h6 22.Qf3 Qe6
23.Bxd6 Qxd6 24.Rh5 Rcd8 25.Ba4 Kh8 26.Bb3 Qe7 27.h3 Qf6 28.Rxd5 Rxd5 29.Qxd5 Rd8
30.Qe4 Nxd4 31.Bc2 g6 32.Kh2 h5 33.Qxg6 Qxg6 34.Bxg6 Nf3+ 35.gxf3 Rxd1 36.Bxh5 Rd2
37.Kg2 Rxb2 38.Bf7 Kg7 39.Bd5 b5 40.h4 a5 41.Kh3 b4 42.Kg4 a4 43.Kxf4 Rxa2  0-1

[Event "36th Olympiad"]
[Site "Calvia ESP"]
[Date "2004.10.28"]
[Round "13"]
[White "Van Beers,E"]
[Black "Pavasovic,D"]
[Result "0-1"]
[WhiteElo "2383"]
[BlackElo "2581"]

1.e4 c5 2.c3 Nf6 3.e5 Nd5 4.d4 cxd4 5.Nf3 Nc6 6.Bc4 Nb6 7.Bb3 d6 8.exd6 Qxd6
9.O-O Be6 10.Na3 dxc3 11.Qe2 Bxb3 12.Nb5 Qb8 13.axb3 e6 14.g3 Qc8 15.Be3 Nd5
16.Nxa7 Nxa7 17.Bxa7 Bb4 18.Bd4 Rxa1 19.Rxa1 cxb2 20.Bxb2 O-O 21.Rc1 Qd7
22.Ne5 Qe7 23.Rc4 f6 24.Nd3 Bd6 25.f4 Re8 26.Qf3 Qf7 27.Nf2 Qg6 28.Ne4 Bxf4
29.Nc3 Be3+ 30.Kh1 Qd3 31.Nxd5 Qxd5 32.Re4 Bh6 33.Kg2 Rd8 34.g4 Qd2+ 35.Re2 Qxe2+
36.Qxe2 Rd2 37.Kf3 Rxe2 38.Kxe2 Kf7 39.Kd3 e5 40.Ba3 Bf4  0-1

[Event "36th Olympiad w"]
[Site "Calvia ESP"]
[Date "2004.10.28"]
[Round "13"]
[White "Khamrakulova,I"]
[Black "Eidelson,R"]
[Result "0-1"]
[WhiteElo "2217"]
[BlackElo "2268"]

1.e4 c5 2.c3 Nf6 3.e5 Nd5 4.d4 cxd4 5.Nf3 Nc6 6.cxd4 d6 7.Be2 g6 8.O-O Bg7
9.exd6 Qxd6 10.Nc3 Nxc3 11.bxc3 O-O 12.a4 b6 13.Ba3 Qc7 14.Re1 Bb7 15.Bb5 Bf6
16.Rc1 Rfd8 17.Qe2 Rac8 18.h3 Qf4 19.Ba6 Bxa6 20.Qxa6 Qf5 21.Qb5 Rd5 22.Qb3 Qd7
23.Qa2 e6 24.Bb2 Na5 25.c4 Rf5 26.Red1 Qb7 27.Ba3  0-1

[Event "36th Olympiad"]
[Site "Calvia ESP"]
[Date "2004.10.28"]
[Round "13"]
[White "Brynell,S"]
[Black "Nijboer,F"]
[Result "1/2-1/2"]
[WhiteElo "2473"]
[BlackElo "2567"]

1.e4 c5 2.c3 Nf6 3.e5 Nd5 4.d4 cxd4 5.Nf3 Nc6 6.cxd4 d6 7.Bc4 Nb6 8.Bb5 Bd7
9.exd6 exd6 10.O-O Be7 11.Nc3 O-O 12.d5 Nb4 13.Bxd7 Qxd7 14.Be3 Na6 15.Bxb6 axb6
16.Qb3 Qd8 17.Rfe1 Nc5 18.Qb5 Bf6 19.Rac1 Qd7 20.Qxd7 Nxd7 21.a3 Nc5 22.Re3 Rfe8
23.Rce1 Rxe3 24.Rxe3 Kf8 25.Kf1 Nd7 26.Nd2 Bxc3 27.Rxc3 Ra5 28.Rc7 Rxd5  1/2-1/2

[Event "36th Olympiad w"]
[Site "Calvia ESP"]
[Date "2004.10.28"]
[Round "13"]
[White "Pina,S"]
[Black "Dembo,Y"]
[Result "1/2-1/2"]
[WhiteElo "2313"]
[BlackElo "2396"]

1.e4 c5 2.c3 Nf6 3.e5 Nd5 4.Nf3 Nc6 5.d4 cxd4 6.Bc4 e6 7.cxd4 d6 8.O-O Nb6
9.Bb5 Bd7 10.Nc3 d5 11.Bg5 Be7 12.Bxe7 Qxe7 13.a3 O-O 14.Bd3 f6 15.exf6 Rxf6
16.b4 a6 17.Ne5 Nxe5 18.dxe5 Rh6 19.f4 Bc6 20.Qe2 Rf8 21.Rf2 d4 22.Ne4 Nd5
23.g3 Ne3 24.Ng5 Qd7 25.Be4 Bxe4 26.Nxe4 Rc8 27.Nc5 Qd5 28.Rc1 g5 29.Qf3 Qxf3
30.Rxf3 Rg6 31.Nb3 Rxc1+ 32.Nxc1 g4 33.Rf2 Rg7 34.Rd2 Rc7 35.Nb3 Rc2  1/2-1/2

[Event "4th Rohde Open"]
[Site "Sautron FRA"]
[Date "2004.10.28"]
[Round "6"]
[White "Philippe,C"]
[Black "Raetsky,A"]
[Result "1/2-1/2"]
[WhiteElo "2371"]
[BlackElo "2430"]

1.e4 c5 2.c3 Nf6 3.e5 Nd5 4.d4 cxd4 5.Nf3 Nc6 6.cxd4 g6 7.Qb3 e6 8.Nc3 Nxc3
9.bxc3 b6 10.Be2 Bb7 11.O-O Rc8 12.Bg5 Be7 13.Bh6 Na5 14.Qb2 Bxf3 15.Bxf3 Bg5
16.Bxg5 Qxg5 17.Be2 O-O 18.f4 Qe7 19.Ba6 Rcd8 20.Rf3 d5 21.Raf1 Rb8 22.Bd3 b5
23.Qc1 Nc4 24.g4 f5 25.exf6 Rxf6 26.Bxc4 bxc4 27.Qe3 Qd6 28.R3f2  1/2-1/2

[Event "36th Olympiad w"]
[Site "Calvia ESP"]
[Date "2004.10.29"]
[Round "14"]
[White "Agrest,S"]
[Black "Voiska,M"]
[Result "1-0"]
[WhiteElo "2238"]
[BlackElo "2380"]

1.e4 c5 2.c3 Nf6 3.e5 Nd5 4.d4 e6 5.Nf3 cxd4 6.cxd4 d6 7.Bc4 Nb6 8.Bb3 dxe5
9.Nxe5 Nc6 10.Nf3 Be7 11.Nc3 O-O 12.O-O Bf6 13.Be3 Na5 14.Bc2 Nac4 15.Qd3 g6
16.Bh6 Bg7 17.Bxg7 Kxg7 18.Bb3 Na5 19.Bc2 Nc6 20.a3 Nd5 21.Rfe1 Nce7 22.Ne5 Nf5
23.Rad1 Nd6 24.Nxd5 exd5 25.Bb3 Bf5 26.Qd2 Ne4 27.Qf4 Nf6 28.g4 Be6 29.Re3 Ne4
30.Re2 f5 31.Qc1 Rc8 32.Qb1 fxg4 33.Qd3 Qh4 34.Qe3 Rf3 35.Nxf3 gxf3 36.Qxf3 Rf8
37.Qg2 Ng5 38.Qg3 Qh5 39.Rxe6 Rf3 40.Re7+ Kh6 41.Qe5 Nh3+ 42.Kf1 Rxf2+ 43.Ke1 Qh4
44.Qe3+ Rf4+ 45.Kd2 Ng5 46.Kc2 Rf3 47.Qe5 Rf2+ 48.Kb1 Qg4 49.Qg7+ Kh5 50.Qe5 Kh6
51.Rd3 Qg2 52.Qg7+ Kh5 53.Bd1+  1-0